00383nam a2200133Ia 450000500170000000800410001702000150005808200130007310000130008624500510009926000330015030000190018350000470020220241119013413.0240331s9999 xx 000 0 und d a0863110630 bSINa823 aSingh, K 4aThe collected short stories of Khushwant Singh aDelhibRavi Dayal Publishers axiii, 219 p ., acollected Short Stories of Khushwant Singh